[Event "Père Noël"]
[Site "?"]
[Date "2022.12.30"]
[Round "5"]
[White "Rodrigue-Lemieux, Shawn"]
[Black "Ouellet, Maili-Jade"]
[Result "1-0"]
[WhiteElo "2509"]
[BlackElo "2351"]
[Annotator "Shawn Rodrigue-Lemieux"]
[PlyCount "123"]
[EventDate "2022.??.??"]
[SourceTitle "Chess Canada '24.08"]
[Source "CFC/John Upper"]
[SourceDate "2024.08.27"]
[SourceVersion "1"]
[SourceVersionDate "2024.08.21"]
[SourceQuality "1"]

{[%mdl 32768][%evp 0,123,43,11,5,8,33,20,32,23,37,43,20,16,2,13,9,9,28,-23,-7,
-34,-34,-29,-29,-29,-15,-32,-43,-22,-9,-8,-10,-120,-1,-5,18,14,3,16,9,37,44,16,
22,34,35,22,64,42,61,45,52,47,42,43,52,52,52,53,56,43,40,39,35,33,63,31,54,54,
42,46,67,55,59,52,36,37,43,18,39,45,42,44,43,51,45,48,60,58,54,55,48,50,43,50,
75,89,107,75,88,60,69,54,122,127,121,159,236,273,296,412,513,583,613,614,614,
171,816,1016,1126,992,512,512,501,926]} 1. a3 {[#] Without a doubt, one of my
favorite weapons! Playing against a friend of mine, who is extremely
well-prepared, I wanted to avoid theory at all cost. And there is no better
way of doing that than playing 1.a3!} d5 2. Nf3 c5 3. e3 Nf6 4. d4 cxd4 5. exd4
Nc6 6. Bb5 {[#] We transpose into a reversed Ragozin, with the addition of the
move a3.} Bg4 7. h3 Bxf3 8. Qxf3 Qb6 {[#]} 9. Qd3 (9. c4 $5 e6 (9... dxc4 10.
Bxc6+ Qxc6 (10... bxc6 11. O-O $11) 11. Qxc6+ bxc6 12. Nd2 Rd8 13. Nxc4 Rxd4
14. Na5 $11) 10. Nc3 dxc4 11. Be3 O-O-O 12. d5 Ne5 13. Bxb6 Nxf3+ 14. gxf3 axb6
15. dxe6 fxe6 16. Bxc4 Bc5 $11) 9... e6 (9... a6 $5 10. Ba4 (10. Bxc6+ Qxc6 11.
O-O e6 $11) 10... Qa5+ 11. Nc3 b5 12. Bb3 e6 $11) 10. O-O Bd6 11. Nd2 O-O {[#]}
12. Nf3 (12. c3 $5 e5 $6 (12... a6 13. Ba4 $11) 13. Bxc6 Qxc6 (13... bxc6 14.
dxe5 Bxe5 15. Nf3 Bd6 16. c4 $14) (13... e4 $4 14. Nxe4 $18) 14. dxe5 Bxe5 15.
Nf3 $14) 12... Rac8 13. Ba4 Na5 (13... Ne4 $5 14. c4 $4 {this move looks
natural, but it allows a nasty tactic!} Nxd4 $1 $19 15. Nxd4 (15. Qxd4 Bc5 $19)
15... Rxc4 16. Be3 Bc5 $8 $19) 14. c3 Nb3 15. Rb1 Ne4 (15... Nxc1 {is the move
I expected, after which Black is solid.} 16. Rfxc1 a6 $11) 16. c4 $2 {Once
again allowing the same tactic, which we both missed!} (16. Be3 {would've been
preferable.}) 16... Nxc1 $2 (16... Nxd4 $1 17. cxd5 $1 (17. Nxd4 $2 Rxc4 $19) (
17. Qxd4 Qxd4 18. Nxd4 Rxc4 $19) 17... Nxf3+ 18. Qxf3 exd5 $17 {with a clear
pawn advantage for Black.}) 17. Rfxc1 Qa5 (17... Bf4 18. Rc2 Qa6 19. Bb5 Qb6
20. Bd7 Rcd8 21. Ba4 $11) 18. Bd7 $1 {[#] This strange-looking move gives
White a crucial tempo.} Rb8 (18... Rcd8 19. b4 Bxb4 $4 (19... Qc7 20. Bxe6 $1
fxe6 21. cxd5 Nxf2 22. Kxf2 Qe7 23. dxe6 Qxe6 24. Qb3 Qxb3 25. Rxb3 $16) 20.
axb4 Qa2 21. cxd5 Qxf2+ 22. Kh1 exd5 23. Bf5 $18) (18... Rc7 $4 19. b4 $18) 19.
b4 Qd8 20. Ba4 Bf4 21. Re1 {White's position is suddenly more pleasant, mostly
due to the space advantage.} Qc7 {[#]} (21... Rc8 $1 22. Bb3 $14) 22. cxd5 $6 {
Releasing the tension too early.} (22. Rb2 $1 {was better, keeping all the
options available.} Rbc8 (22... Nf6 23. c5 $1 Ne4 24. Rc2 $16) 23. Rc2 Qd8 24.
Bb3 $16) 22... exd5 23. Bb3 {[#] Even though this position is more pleasant
for White, thanks to the weak d5-pawn, Black has great chances to equalize due
to the symmetrical nature of the position.} Rbc8 $6 (23... Rfe8 $1 $11 {
is a nice way to equalize.} 24. Bxd5 Nc3) 24. Rb2 Nf6 (24... Qc3 $1 25. Qb1
Rcd8 26. Bxd5 Nd2 27. Nxd2 Bxd2 28. Rd1 Rxd5 29. Rbxd2 Qxa3 30. Ra2 Qc3 31.
Rxa7 Qc6 $11 {and Black has more than enough counterplay to equalize.}) 25. Rc2
Qd6 {[#]} 26. Ne5 (26. g3 $1 Bh6 (26... Bxg3 27. fxg3 Qxg3+ 28. Rg2 Qxh3 29.
Qe3 $16) 27. Kg2 $16 {also gives White an important edge, as Black's pieces
lack good squares. The d5-pawn will be targeted forever.}) 26... Rxc2 27. Qxc2
Re8 28. Ba4 (28. g3 $1 Bh6 29. Re2 $16) 28... Rd8 29. g3 Bxe5 {[#]} 30. Rxe5 $2
(30. dxe5 $1 {is much stronger, but I was afraid to create an imbalance. With
the Bishop against the Knight, this structure is undoubtedly better for White.}
Qe7 31. Bb3 Ne8 (31... Ne4 $4 32. Rd1 $18) 32. h4 Nc7 33. Kg2 $16 a5 (33... Nb5
$6 34. Qd3 Nxa3 $2 35. Bxd5 $18) 34. bxa5 Ne6 35. Qd2 $16) 30... Nd7 $6 (30...
Qa6 $11 {is very unpleasant for White!}) 31. Re3 $6 (31. Bxd7 $1 Qxd7 32. Qc5
b6 33. Qe7 $14) 31... Nb6 32. Bb3 g6 33. Qc5 Kf8 (33... Qf6 $1 $11) (33... Qd7
$11) 34. Kf1 {[#]} Qxc5 $6 {Trading Queens under favorable circumstances for
White. The symmetrical structure usually favors the Knight, compared to
asymmetrical positions where the Bishops can shine.} (34... Kg7 $11) 35. dxc5
Na8 $6 (35... Nc4 $1 {Black's best chance is to play actively.} 36. Bxc4 dxc4
37. Rc3 Rd4 38. Ke2 f5 $1 39. Ke3 Re4+ 40. Kd2 f4 $11) 36. Ke2 Nc7 37. Kd3 b6 {
[#]} 38. cxb6 $1 {It doesn't seem too natural to trade this strong Pawn, but
it's what White should do in the bigger picture. In such endgames with Bishop
vs Knight, the Knight isn't great at defending against outside passed pawns.
With this trade, White now has the chance to play a4-a5, creating a dangerous
pawn in the long run.} axb6 39. Kc2 $1 Re8 $6 {A bad trade for Black, although
it's hard to be critical of this move.} 40. Rxe8+ Kxe8 41. a4 {We now see the
potential danger of the a-pawn. And with all the kingside pawns on light
squares, Black is in a precarious position.} Kd7 42. Kc3 Kd6 43. f4 $2 (43. Bc2
$1 Ne6 44. h4 $18 {If Black now plays} h5 {there will be too many problems for
Black to deal with, with all the pawns being stuck on light squares.} 45. f4 f5
46. a5 bxa5 (46... b5 47. a6 {White now has time to push the pawn up to a7!})
47. bxa5 $18) 43... Na6 $2 (43... b5 $1 44. a5 f5 $1 45. Bc2 h5 $1 46. Bd3 Kc6
$14 {and somehow Black has a blockade! It was important to start with h4
before playing f4.}) 44. Bc2 Nc7 45. h4 {[#]} Ne6 (45... f5 $5 46. Bd3 $1 Ne6
47. Ba6 Nc7 48. Bc8 Ne8 49. Kd4 Ng7 50. Bb7 Ne6+ 51. Kc3 $18) 46. h5 $2 (46. f5
$1 Nc7 47. Bd3 $18 {wins, since Black will not be able to defend the kingside
and queenside at the same time.}) 46... Ng7 $1 47. h6 {[#]Critical Position}
Ne8 $4 {Too passive!} (47... Nh5 $8 {saves the game for Black!} 48. f5 Nf6 $1 (
48... g5 $4 49. Kd4 Nf6 50. a5 bxa5 51. bxa5 $18) 49. Kd4 (49. fxg6 fxg6 50.
Kd4 Ke6 51. a5 (51. Bd3 Kd6 $11) 51... bxa5 52. bxa5 Kd6 $11) 49... gxf5 50.
Bb3 (50. Bxf5 Ng8 $11) 50... Kc6 51. Bd1 Kd6 52. Bf3 Ne4 53. a5 bxa5 54. bxa5
Kc6 55. a6 Kb6 56. Kxd5 Nf6+ 57. Ke5 Ng8 58. Kxf5 Nxh6+ 59. Kg5 Ng8 60. Be2 Ne7
61. Kf6 Nd5+ 62. Kxf7 Nc3 63. Bd3 Nd1 $11) ({editor -} 47... Nf5 $2 {gives
White a trivially winning pawn ending after} 48. Bxf5 $8 gxf5 49. Kd4 $18) 48.
g4 Nf6 49. Bd1 (49. g5 Nh5 50. f5 Nf4 51. a5 $18) 49... Ng8 50. g5 Ne7 {[#]}
51. Bc2 (51. a5 $1 bxa5 52. bxa5 Kc5 53. a6 $18) 51... Ke6 (51... Nc6 52. Bd3
$18) 52. a5 bxa5 53. bxa5 Nc6 54. a6 {These pawns are too much for Black to
handle.} Na7 55. Kb4 Kd6 {[#]} 56. Bxg6 $1 {A nice touch to finish this game,
showing the Knight's inability to defend efficiently against outside passed
pawns.} fxg6 57. f5 Nc6+ 58. Ka3 Kc7 59. fxg6 Ne7 60. g7 d4 61. g6 {Too many
pawns!} d3 62. Kb2 1-0

[Event "Open de Cannes"]
[Site "?"]
[Date "2023.02.23"]
[Round "6"]
[White "Seemann, Jakub"]
[Black "Rodrigue-Lemieux, Shawn"]
[Result "0-1"]
[WhiteElo "2425"]
[BlackElo "2457"]
[Annotator "Shawn Rodrigue-Lemieux"]
[PlyCount "120"]
[EventDate "2023.??.??"]
[SourceTitle "Chess Canada '24.08"]
[Source "CFC/John Upper"]
[SourceDate "2024.08.27"]
[SourceVersion "1"]
[SourceVersionDate "2024.08.21"]
[SourceQuality "1"]

{[%mdl 32768][%evp 0,120,28,24,29,9,20,20,20,20,39,-20,-20,-30,-17,-11,0,10,2,
2,-10,-5,31,14,14,-3,-4,1,29,-5,-5,7,42,14,11,2,0,-26,-18,-27,-13,-25,-11,-15,
-29,-20,-14,-12,-20,-20,18,25,18,-18,-2,-15,-16,0,0,-13,-7,-13,-8,-14,-4,-10,
-12,-11,-17,-17,-14,-15,-18,-21,-31,-19,-19,-33,-4,-50,-67,-61,-73,-82,-154,
-214,-214,-184,-372,-584,-738,-962,-784,-1012,-1013,-1022,-1032,-1332,-1329,
-1425,-1788,-1934,-2377,-26346,-2012,-22830,-29956,-29957,-29958,-29959,-29962,
-29963,-29964,-29965,-29966,-29967,-29968,-29969,-29970,-29971,-29972,-29973,
-29974] I wasn't totally confident against this opponent, as he is an
extremely talented junior player!} 1. d4 Nf6 2. c4 e6 3. Nf3 d5 4. Nc3 Bb4 5.
Qa4+ Nc6 6. a3 Bxc3+ 7. bxc3 Ne4 8. e3 {[#] A modern approach against the
Ragozin, sacrificing a pawn for the initiative.} Nxc3 9. Qc2 Ne4 {This was
pretty much all I knew about this line! Unfortunately my opponent was clearly
better prepared.} 10. Bd3 Nd6 11. c5 Nf5 {[#]} 12. h4 {A more direct move than
Topalov's choice against Anand. It's quite intimidating when the opponent
blitzes out such aggressive moves!} (12. O-O h6 13. Rb1 O-O 14. Qc3 Nfe7 15.
Bd2 b6 16. Rfc1 Na5 17. Qc2 Nc4 18. Bxc4 dxc4 19. Qxc4 {Topalov,V (2760)-Anand,
V (2779) Saint Louis blitz, 2016.}) 12... h5 {This move seemed logical to me,
stopping White from gaining too much space on the kingside. It does weaken g5,
but it feels more important to stop g4 and h5.} 13. Bd2 Qe7 14. Rb1 O-O 15. g3
{[#]} Qf6 (15... f6 {would've been much better, solidifying the kingside and
preparing a future ...e5 break.}) 16. O-O {Unfortunately, Black has no good
discoveries, since all four possible captures would allow White to protect the
Knight!} Rb8 {In such positions, opening the position too early helps White,
who is better developed. Black should be patient and slowly develop while
White has no clear threats.} (16... Nxh4 $4 17. Nxh4 $18) (16... Nfxd4 $4 17.
Nxd4 $18) (16... Nxe3 $4 17. fxe3 $18) (16... Nxg3 $4 17. fxg3 $18) (16... e5 {
fails to} 17. dxe5 Nxe5 18. Nxe5 Qxe5 19. Bc3 {and White's Bishop is way too
active.}) 17. Kg2 Bd7 18. Bb5 Rfd8 19. Rfc1 a6 20. Be2 e5 {[#] My pieces are
now perfectly positioned for this break. Bc3 won't come with such devastating
effect anymore.} 21. dxe5 Nxe5 22. Bc3 d4 $1 {The key behind ...e5. Black now
gets rid of the strong Bishop, while Black's Bishop will be active on c6.} 23.
exd4 Nxf3 24. Bxf3 {[#]} Nxd4 {Simplifying too much, and White's pieces are
now active.} (24... Qg6 {would've been even stronger, threatening ...Nxh4.} 25.
Kh2 {fails to} Nxd4 26. Bxd4 Bf5 27. Qb2 Bxb1 {with a big advantage for Black.}
) 25. Bxd4 Qxd4 {[#]} 26. Rb4 (26. Rd1 Qe5 27. Rxb7 {was a much better way to
proceed, since White now controls the important d-file.}) (26. Rxb7 Rxb7 27.
Bxb7 Be6 {gives Black a stable position with more active pieces.}) 26... Qe5
27. Rxb7 Rxb7 28. Bxb7 Bf5 29. Qc3 Be4+ 30. Bxe4 Qxe4+ 31. Qf3 {[#]} Qxf3+ {
This endgame seems like a dead draw, and two moves later my opponent offered
me a draw, thinking that the draw would be inevitable... but it's not so easy
for White!} 32. Kxf3 Rd5 33. Ke4 c6 34. Rc4 a5 {All of a sudden, White is now
in big danger of losing. The White Rook must remain passive while Black can
keep improving the position.} 35. f3 f6 36. Kf4 Kf7 37. Ke3 Ke6 38. Ke4 g5 39.
hxg5 Re5+ 40. Kd3 fxg5 {[#]} 41. Re4 $4 {After spending a lot of time (we just
reached move 40), my opponent made a huge blunder. In his defense, the win is
extremely hard to see!} Rxe4 42. Kxe4 {[#]} a4 $1 {Gaining space, fixing pawns,
but most importantly giving White the move and Black the opposition.} (42...
Kf6 {wouldn't work as well, since} 43. f4 $8 $11 h4 $4 (43... g4 $4 44. f5 $18)
44. fxg5+ $18 {comes with check.}) (42... h4 {also gives Black great practical
winning chances after} 43. gxh4 gxh4 44. Kf4 {editor - this line is vastly
more difficult than the win Shawn plays in the game -- without 7 piece
tablebases it is even beyond SF16's ability. Here's the main line:} a4 $8 45.
Kg4 Ke5 46. f4+ Ke4 $8 47. f5 {[#] Analysis Diagram} Ke5 (47... h3 48. f6 h2
49. f7 h1=Q 50. f8=Q Qg2+ $8 {preventing Q checks from f2.} 51. Kh4 $1 (51. Kh5
$6 Qf3+ $19 {is easy.}) 51... Kd4 {is similar. editor -} 52. Qf6+ Kd3 $1 (52...
Kxc5 $2 53. Qc3+ $11) 53. Qd6+ Kc3 54. Qe5+ Kb3 55. Qe1 Kxa3 56. Qc3+ Ka2 {
White can win the a4-pawn, but Black gets a fork on f2, with a winning QP v Q
ending.... if you've studied your Dvoretsky ;) SF16 can't find a mate, but the
7-piece tablebase verifies this is a win for Black.}) 48. Kg5 h3 49. f6 Ke6 50.
Kg6 h2 51. f7 h1=Q 52. f8=Q Qe4+ 53. Kg5 Kd5 {with a winning endgame, although
it will take some time to convert. I did see this position during the game and
it was my first idea, thinking it should be winning. However, there was
something more concrete!}) 43. f4 {[%mdl 64] [#]Critical Position} h4 $8 44.
f5+ (44. gxh4 gxh4 45. Kf3 Kf5 {wins for Black.}) (44. fxg5 hxg3 45. Kf3 Kf5
46. Kxg3 Kxg5 {also wins, although it eventually transposes to the game.})
44... Kf7 $3 {The move missed by my opponent!} (44... Kf6 $4 {is the most
natural move, and the one my opponent expected. The difference is that after}
45. g4 {Black can never gain access to e5.} Ke7 (45... h3 {loses to} 46. Kf3
$18) 46. Kf3 Kf7 47. Ke3 Kf6 48. Ke4 $11 {and neither side can make progress.})
45. Kf3 (45. g4 Kf6 46. Kf3 Ke5 $19 {would also lead to a losing position.}) (
45. gxh4 gxh4 46. Kf4 Kf6 47. Kg4 h3 48. Kxh3 Kxf5 {transposes to the game.})
45... Kf6 {[#]} 46. gxh4 (46. g4 {can now be met by} Ke5 {and Black's King can
collect the c5-pawn without getting too far from the f5-pawn.}) 46... gxh4 47.
Kg4 h3 48. Kxh3 Kxf5 49. Kg3 Ke4 50. Kf2 Kd4 51. Ke2 Kxc5 52. Kd3 {[#] This
endgame is not so easy to win! Black needs to know a specific technique to win
it.} Kd5 53. Kc3 c5 54. Kd3 c4+ 55. Kc3 Kc5 56. Kc2 Kd4 57. Kd2 c3+ 58. Kc1 {
[#] It's not easy for Black to make progress at first glance. If it were White
to move, White would have to choose between Kc2, allowing ...Kc4, and Kd1,
allowing ...Kd3. In case of Kb1, Black can respond with ...Kd3, and White
doesn't have Kd1 in response.} Kc5 $1 {We have to triangulate! We lose a tempo
and get to the same position with the opponent to move.} (58... Kd3 {is met by}
59. Kd1 c2+ $2 60. Kc1 Kc3 $11) (58... Kc4 {is met by} 59. Kc2 {and Black
still needs to play the triangulation maneuver to win.}) 59. Kd1 Kd5 {This is
why I bring Dvoretsky's Endgame Manual to tournaments!} 60. Kc1 Kd4 {It's now
White to move, and his K has to step on a bad square.   Trading Rooks into a
King endgame is extremely risky, and it's usually best to keep the Rooks on
the board when in doubt.} 0-1